| Tag |
First Indicator |
Second Indicator |
Subfields |
| LEADER |
00000pam a2200000 a 4500 |
| 001 |
in00000092781 |
| 005 |
20170329125236.0 |
| 008 |
770316s1977 nyu 00011 engm |
| 010 |
|
|
|a 77004151
|
| 020 |
|
|
|a 0688032214
|
| 035 |
|
|
|a (OCoLC)02875276
|
| 035 |
|
|
|9 AAK7784AM
|
| 040 |
|
|
|a DLC
|c DLC
|d m.c.
|d TXA
|d UtOrBLW
|
| 049 |
|
|
|a TXAM
|c [955216]
|
| 050 |
0 |
0 |
|a PZ4.D794
|b An 1977
|
| 050 |
0 |
0 |
|a PS3554.R8
|b A56 1977
|
| 100 |
1 |
|
|a Drury, Allen.
|
| 245 |
1 |
0 |
|a Anna Hastings :
|b the story of a Washington newspaperperson! : a novel /
|c by Allen Drury.
|
| 250 |
|
|
|a 1st trade ed.
|
| 264 |
|
1 |
|a New York :
|b Morrow,
|c 1977.
|
| 300 |
|
|
|a 300 pages ;
|c 22 cm.
|
| 336 |
|
|
|a text
|b txt
|2 rdacontent
|
| 337 |
|
|
|a unmediated
|b n
|2 rdamedia
|
| 338 |
|
|
|a volume
|b nc
|2 rdacarrier
|
| 999 |
|
|
|a MARS
|
| 999 |
f |
f |
|s fac370ce-c60d-3829-b96a-c90e8e0967e2
|i a8dcaf25-59e1-3ca9-9515-aa7c9b1e7615
|t 0
|
| 952 |
f |
f |
|p ric
|a Texas A&M University
|b Rellis Campus
|c Joint Library Facility
|d Remote Storage
|t 0
|e PS3554.R8 A56 1977
|h Library of Congress classification
|i unmediated -- volume
|m A14808795135
|
| 998 |
f |
f |
|a PS3554.R8 A56 1977
|t 0
|l Remote Storage
|